| 000 | 00773nam a2200241 a 4500 | ||
|---|---|---|---|
| 001 | 000016518 | ||
| 005 | 20200929164926.0 | ||
| 008 | 100305s1943 sp 000 d spa d | ||
| 040 |
_aDO-SdBNP _bspa _cBNPHU |
||
| 082 |
_a862.3 _bM671t |
||
| 100 | 1 |
_aMira de Amescua, Antonio, _d1574-1644 _924393 |
|
| 245 | 1 | 0 |
_aTeatro / _cMira de Amescua ; prólogo, edición y notas de Ángel Valbuena Prat. |
| 260 |
_aMadrid : _bEspasa-Calpe, _c1943. |
||
| 300 |
_av. ; _c18 cm. |
||
| 490 | 1 |
_aClásicos castellanos _v70 |
|
| 500 | _aIncluye notas al pie de las páginas | ||
| 650 | 4 |
_aTeatro español _93071 |
|
| 650 | 4 |
_aLiteratura española _9632 |
|
| 700 | 1 |
_aValbuena Prat, Ángel, _eed. _936754 |
|
| 830 | 0 |
_aClásicos castellanos ; _v70 _94180 |
|
| 910 | _aWM | ||
| 049 | _aBNPD | ||
| 999 |
_c16052 _d16052 |
||